Estatísticas para Maldivas

Clique aqui para jogar o quiz

Estatísticas Gerais

  • Esse quiz foi jogado 7 vezes
  • A pontuação média é 4 de 13

Estatísticas das Respostas

HintResposta% Correto
Onde fica?Ásia
100%
Qual é a sua capital?Malé
67%
Qual é a sua religião?Islamismo
50%
O que representa a lua crescente na bandeira?Islamismo
50%
De que país é independente?Reino Unido
50%
Qual é o seu código ISO?MDV
33%
Por quantas ilhas é constituído o país?1196
0%
Qual é a sua árvore nacional?Coqueiro
0%
Qual é o seu idioma?Divehi
0%
Qual é a sua principal atividade económica?Pesca
0%
O que representa a cor verde na bandeira?Prosperidade
0%
Qual é a sua moeda?Rupia maldívia
0%
O que representa a cor vermelha na bandeira?Sacrifício
0%

Distribuição das Pontuações

Percentil de Números Respondidos

Porcentagem de Pessoas com Cada Pontuação

Sua Pontuação Histórica

Você não jogou esse quiz